| 000 | 00435nam a22001817a 4500 | ||
|---|---|---|---|
| 005 | 20180707150300.0 | ||
| 008 | 160622b xxu||||| |||| 00| 0 eng d | ||
| 020 | _a978-81-7194-649-5 | ||
| 041 | _aeng | ||
| 082 |
_b8928 _a658.15 |
||
| 100 |
_aKishore, Ravi M _91159 |
||
| 245 | _aFINANCIAL MANAGEMENT:problems and solutions | ||
| 250 | _a2Ed. | ||
| 260 | _bTaxmann | ||
| 300 | _a1021p, | ||
| 650 |
_aManagement _9241 |
||
| 942 | _cBK | ||
| 999 |
_c3495 _d3494 |
||